Score 0/47 Timer 05:00
2 Plays Today
Hint Answer % Correct
YES Ladder (3 Letters)◄TWO►
94.2%
YES Ladder (3 Letters)◄ONE►
93.6%
YES Ladder (3 Letters)◄ONE►
93.6%
YES Ladder (3 Letters)PRO
91.8%
YES Ladder (3 Letters)ONO
91.3%
YES Ladder (3 Letters)TOO
90.6%
YES Ladder (3 Letters)POO
90.4%
YES Ladder (3 Letters)◄AND►
90%
YES Ladder (3 Letters)ADD
89.8%
YES Ladder (3 Letters)ODD
89.8%
YES Ladder (3 Letters)END
88.8%
YES Ladder (3 Letters)ODE
88.1%
YES Ladder (3 Letters)ORE
87.6%
YES Ladder (3 Letters)ORO
87%
NO Ladder (4 Letters)LIES
86.1%
NO Ladder (4 Letters)PIES
84%
MAYBE Ladder (4 Letters)B◄ALL►
83.1%
YES Ladder (3 Letters)ENE
81.2%
MAYBE Ladder (4 Letters)M◄ARE►
79.1%
MAYBE Ladder (4 Letters)◄BETS►
79%
NO Ladder (4 Letters)A ◄FLY►
78.3%
NO Ladder (4 Letters)GIGS
72%
NO Ladder (4 Letters)ALLY
71.5%
NO Ladder (4 Letters)ELLE
71.2%
Hint Answer % Correct
NO Ladder (4 Letters)GALS
70.9%
NO Ladder (4 Letters)◄PIGS►
70.5%
NO Ladder (4 Letters)EELS
68.7%
NO Ladder (4 Letters)GAGS
67.2%
NO Ladder (4 Letters)ALLE
65.5%
MAYBE Ladder (4 Letters)BELL
65.4%
MAYBE Ladder (4 Letters)METS
64.5%
NO Ladder (4 Letters)ELLS
63.3%
NO Ladder (4 Letters)GELS
62.1%
NO Ladder (4 Letters)LIEN
61.7%
MAYBE Ladder (4 Letters)TART
60.9%
MAYBE Ladder (4 Letters)TARE
60.5%
MAYBE Ladder (4 Letters)DUFF
60.5%
NO Ladder (4 Letters)◄WHEN►
60.4%
MAYBE Ladder (4 Letters)BELS
58.6%
YES Ladder (3 Letters)◄ARE►
56.6%
NO Ladder (4 Letters)WIEN
53.7%
MAYBE Ladder (4 Letters)MATS
50.1%
MAYBE Ladder (4 Letters)TAFT
48.7%
MAYBE Ladder (4 Letters)D◄OFF►
48.4%
MAYBE Ladder (4 Letters)MARS
47.7%
MAYBE Ladder (4 Letters)TUFT
46.5%
MAYBE Ladder (4 Letters)TUFF
40.2%

Today's Daily Dose

Remove Ads.
Support Sporcle.
Get the best of Sporcle when you Go Orange. This ad-free experience offers more features, more stats, and more fun while also helping to support Sporcle. Thank you for becoming a member.

You're not logged in!

Compare scores with friends on all Sporcle quizzes.
OR
Log In

Show Comments

Extras

Top Quizzes Today


Score Distribution

Your Account Isn't Verified!

In order to create a playlist on Sporcle, you need to verify the email address you used during registration. Go to your Sporcle Settings to finish the process.

Report this User

Report this user for behavior that violates our Community Guidelines.

Details: